Water conservation : low-flow showers and flow restrictors. (Record no. 100363)

MARC details
000 -LEADER
fixed length control field 00581cam a2200217 4500
008 - FIXED-LENGTH DATA ELEMENTS--GENERAL INFORMATION
fixed length control field 000000n2000 000 0 eng u
020 ## - INTERNATIONAL STANDARD BOOK NUMBER
International Standard Book Number 1860813569
035 ## - SYSTEM CONTROL NUMBER
System control number (Sirsi) u105331
050 ## - LIBRARY OF CONGRESS CALL NUMBER
Classification number 696.182
100 ## - MAIN ENTRY--PERSONAL NAME
Personal name Pitts, N.J.
110 ## - MAIN ENTRY--CORPORATE NAME
Corporate name or jurisdiction name as entry element Building Research Establishment
245 ## - TITLE STATEMENT
Title Water conservation : low-flow showers and flow restrictors.
260 ## - PUBLICATION, DISTRIBUTION, ETC.
Place of publication, distribution, etc. London
Name of publisher, distributor, etc. CRC
Date of publication, distribution, etc. 2000
300 ## - PHYSICAL DESCRIPTION
Extent 4p. ; 30cm.
490 ## - SERIES STATEMENT
Series statement Information Paper
Volume/sequential designation 2/00
650 ## - SUBJECT ADDED ENTRY--TOPICAL TERM
Topical term or geographic name entry element FLOW RATES
690 ## - LOCAL SUBJECT ADDED ENTRY--TOPICAL TERM (OCLC, RLIN)
Topical term or geographic name as entry element BUILT ENVIRONMENT
700 ## - ADDED ENTRY--PERSONAL NAME
Personal name Griggs, J. C.
700 ## - ADDED ENTRY--PERSONAL NAME
Personal name Hall, J.
942 ## - ADDED ENTRY ELEMENTS (KOHA)
Suppress in OPAC 0
Holdings
Withdrawn status Lost status Source of classification or shelving scheme Damaged status Not for loan Home library Current library Shelving location Date acquired Total Checkouts Full call number Barcode Date last seen Copy number Price effective from Koha item type
    Dewey Decimal Classification     London London Basement 12/04/2000   SHELF 323 30060857 06/08/2019 1 06/08/2019 Book